000 00995nam a22002777a 4500
001 23429
003 UA-OsUOA
005 20231017110820.0
007 ta
008 20040121b un ||||| |||| 00| 0 ukr d
020 _a9667679217
040 _aUA-OsUOA
_bukr
_cUA-OsUOA
_dUA-OsUOA
041 _aukr
044 _aUA
080 _a94(082)
090 _a94(082)
_bУ45
110 _aНаціональний університет "Києво-Могилянська Академія"
_bТовариство дослідників Центрально-Східної Європи
245 _aУкраїнський гуманітарний огляд
_bу 8 вип.
_nВип. 6
_cгол. ред. Наталія Яковенко
260 _aКиїв
_bКритика
_c2001
300 _a281 с.
650 7 _2UDC
_a94 Історія
700 1 _aЯковенко Н.
_eред.
942 _cBK
_2udc
955 _a1
999 _c309676
_d309676